| 000 | 00491 a2200193 4500 | ||
|---|---|---|---|
| 003 | Nust | ||
| 005 | 20170207153159.0 | ||
| 010 | _a 93233851 | ||
| 020 | _a0121460703 | ||
| 020 | _a0121460711 (paper int'l. ed.) | ||
| 040 | _cNust | ||
| 082 | 0 | 0 | _a530.41 |
| 100 | 1 | _aBurns, Gerald, | |
| 245 | 1 | 0 |
_aSolid state physics / _cGerald Burns. |
| 260 |
_aBoston : _bAcademic Press, _cc1990. |
||
| 300 |
_axvi, 810 p. : _bill. ; _c24 cm. |
||
| 500 | _aIncludes index. | ||
| 650 | 0 | _aSolid state physics. | |
| 942 |
_2ddc _cBK |
||
| 999 |
_c180899 _d180899 |
||